000 00771cam a2200145 4500500
005 20251228082845.0
041 _afre
042 _adc
100 1 0 _aQuantin, Jean-Louis
_eauthor
245 0 0 _aFormen internationaler Beziehungen in der frühen Neuzeit : Frankreich und das alte Reich im europäischen Staatensystem. Festschrift für Klaus Malettke zum 65. Geburtstag. Herausgegeben von Sven Externbrink und Jörg Ulbert, Berlin, Duncker und Humblot, coll. « Historische Forschungen », 2001. Un vol. 23,5 × 16 cm de 550 p.
260 _c2003.
500 _a1
786 0 _nDix-septième siècle | 220 | 3 | 2003-09-01 | p. 547n-572n | 0012-4273
856 4 1 _uhttps://shs.cairn.info/revue-dix-septieme-siecle-2003-3-page-547n?lang=fr&redirect-ssocas=7080
999 _c1599962
_d1599962